Perekrestok ; Chastnyĭ sluchaĭ : izbrannye proizvedenii︠a︡ /

Bibliographic Details
Main Author: Slepukhin, I︠U︡riĭ
Format: Book
Language:Russian
Published: Leningrad : Lenizdat, 1988.

MARC

Tag First Indicator Second Indicator Subfields
LEADER 00000cam a2200000Ia 4500
001 in00001824713
005 20151026060055.0
008 880111s1988 ru a 000 1 ruso
010 |a  88101868  
019 |a 19172481 
020 |a 5289001743 :  |c 2.20rub 
035 |a (OCoLC)ocm19270138 
040 |a DLC  |c DLC  |d WAU  |d OCL  |d OCLCQ  |d TXA  |d UtOrBLW 
049 |a TXAM 
050 1 4 |a PG3488.L4  |b P4 1988 
100 1 |a Slepukhin, I︠U︡riĭ. 
240 1 0 |a Perekrestok 
245 1 0 |a Perekrestok ; Chastnyĭ sluchaĭ :  |b izbrannye proizvedenii︠a︡ /  |c I︠U︡riĭ Slepukhin. 
264 1 |a Leningrad :  |b Lenizdat,  |c 1988. 
300 |a 508 pages :  |b illustrations ;  |c 21 cm. 
336 |a text  |b txt  |2 rdacontent 
337 |a unmediated  |b n  |2 rdamedia 
338 |a volume  |b nc  |2 rdacarrier 
700 1 2 |a Slepukhin, I︠U︡riĭ.  |t Chastnyĭ sluchaĭ. 
740 0 |a Perekrestok. 
740 0 |a Chastnyĭ sluchaĭ. 
994 |a E0  |b TXA 
999 |a MARS 
999 f f |s 82b12a47-f9ef-3841-a754-5e8e2384a88f  |i 533ab2c5-ded1-3b7a-a0f6-61c2bbd2e863  |t 0 
952 f f |p ric  |a Texas A&M University  |b Rellis Campus  |c Joint Library Facility  |d Remote Storage  |t 0  |e PG3488.L4 P4 1988  |h Library of Congress classification  |i unmediated -- volume  |m A14831168171 
998 f f |a PG3488.L4 P4 1988  |t 0  |l Remote Storage